| 000 | 00803cam a2200277Mi 4500 | ||
|---|---|---|---|
| 001 | 45924 | ||
| 005 | 20230410105346.0 | ||
| 008 | 960912s1996 sp 000 0 spa d | ||
| 035 | _a(OCoLC)ocm35702444 | ||
| 040 |
_aPL# _bspa _cPL# |
||
| 020 | _a8434421135 | ||
| 020 | _a9788434421134 | ||
| 029 | 0 |
_aPL# _b8434421135 |
|
| 035 | _a(OCoLC)35702444 | ||
| 050 | 1 | 4 |
_aHB 171.5 _bB233c 1996 |
| 100 | 1 | _aBarbei Duran, Lluis | |
| 245 | 1 | 3 |
_aEl curso de la economia : _bgrandes escuelas, autores y temas del discurso economico / _cLluis Barbe. |
| 260 |
_aBarcelona : _bAriel, _c1996. |
||
| 300 |
_a634 p. ; _c24 cm. |
||
| 440 | 0 | _aAriel Economia | |
| 653 |
_aEconomia _aHistoria. |
||
| 938 |
_aPuvill Libros _bPUVL _n8434421135 _c$40.46 |
||
| 942 |
_2lcc _cbk |
||
| 946 | _aclperez | ||
| 994 |
_aC0 _bDRFGD |
||
| 999 |
_c35067 _d35067 |
||